00418nam a22001577a 450000500170000000800410001702000260005804000090008404100120009308200150010510000310012024500520015126000270020330000080023065000220023820260529153948.0260529b |||||||| |||| 00| 0 eng d a9789355017635c475.00 aMAIN aEnglish a153.9bSRI aSrivastava, Vijay Shankar  aTest of General Intelligence And Mental Ability aNoida bS. Chandc2023 a448 aCompetitive Books